ISP, interactive statistical programs / (Record no. 14419)
[ view plain ]
| 000 -LEADER | |
|---|---|
| fixed length control field | 00499cam a2200181 a 4500 |
| 020 ## - INTERNATIONAL STANDARD BOOK NUMBER | |
| ISBN | 0314779191 (pbk.) : |
| 040 ## - CATALOGING SOURCE | |
| Transcribing agency | DLC |
| 082 00 - DEWEY DECIMAL CLASSIFICATION NUMBER | |
| Classification number | 519 WES 1986 A060 Or. |
| 100 1# - MAIN ENTRY--AUTHOR NAME | |
| Personal name | Makridakis, Spyros G. |
| 245 10 - TITLE STATEMENT | |
| Title | ISP, interactive statistical programs / |
| 260 ## - PUBLICATION, DISTRIBUTION, ETC. (IMPRINT) | |
| Place of publication | St. Paul, MN. : |
| Name of publisher | West Pub. Co., |
| Year of publication | c1986. |
| 300 ## - PHYSICAL DESCRIPTION | |
| Number of Pages | viii, 362 p. : |
| Other physical details | ill. ; |
| Dimensions | 25 cm. |
| 500 ## - GENERAL NOTE | |
| General note | Includes index. |
| 650 #0 - SUBJECT ADDED ENTRY--TOPICAL TERM | |
| Topical Term | Statistics |
| 650 #0 - SUBJECT ADDED ENTRY--TOPICAL TERM | |
| Topical Term | Mathematical statistics |
| 700 1# - ADDED ENTRY--PERSONAL NAME | |
| Personal name | Winkler, Robert L. |
| 942 ## - ADDED ENTRY ELEMENTS (KOHA) | |
| Koha item type | សៀវភៅភាសាអង់គ្លេស |
| 952 ## - LOCATION AND ITEM INFORMATION (KOHA) | |
| Withdrawn status [LOCAL, KOHA] | 0 |
| Permanent Location | Date acquired | Koha item type | Lost status | Shelving location | Barcode | Current Location | Full call number |
|---|---|---|---|---|---|---|---|
| Library Block A | 2017-10-16 | សៀវភៅភាសាអង់គ្លេស | A060 | A16916 | Library Block A | 519 WES 1986 A060 Or. |